[Event "WTCC-50 2018"]
[Site "Radebeul"]
[Date "2018.07.09"]
[Round "3"]
[White "Wolf, Volker"]
[Black "Schulenburg, Bernd"]
[Result "1/2-1/2"]
[WhiteElo "2323"]
[BlackElo "2152"]
[Annotator "NA"]
[PlyCount "136"]
[EventDate "2018.07.07"]
[EventType "team-tourn"]
[EventCountry "GER"]
[SourceTitle "playchess.com"]
[Source "ChessBase"]
[SourceQuality "1"]
[TimeControl "40/5400+30:1800+30"]

1. e4 {[%emt 0:00:00]} e5 {[%emt 0:00:00]} 2. Nc3 {[%emt 0:00:16]} Bc5 {[%emt 0:02:25]} 3. Nf3 {[%emt 0:00:52]} d6 {[%emt 0:02:11]} 4. g3 {[%emt 0:01:28]} Nc6 {[%emt 0:03:43]} 5. Bg2 {[%emt 0:00:19]} Nf6 {[%emt 0:01:33]} 6. d3 {[%emt 0:00:29]} h6 {[%emt 0:00:28]} 7. Na4 {[%emt 0:02:52]} Bg4 {[%emt 0:03:13] C26: Wiener Partie} (7... Bb6 8. Nxb6 axb6 9. O-O O-O 10. h3 Re8 11. Re1 d5 12. exd5 Nxd5 13. d4 e4 14. Ne5 Nf6 15. Nxc6 bxc6 16. c4 Bf5 17. b3 Qd7 {1-0 (59) Harikrishna,P (2682)-Erenburg,S (2585) Mainz 2006}) 8. c3 {[%emt 0:01:28]} Qd7 {[%emt 0:02:25]} 9. h3 {[%emt 0:08:32]} Be6 {[%emt 0:17:42]} 10. g4 $146 {[%emt 0:19:53]} ({Vorgänger:} 10. b4 Bb6 11. b5 Ne7 12. c4 Ba5+ 13. Bd2 Bxd2+ 14. Nxd2 a6 15. bxa6 Rxa6 {0-1 (35) Seeger,H (1877)-Kripp,W (2155) Bad Wildbad 1998}) 10... a5 {[%emt 0:14:21]} 11. Nxc5 {[%emt 0:03:34]} dxc5 {[%emt 0:00:08]} 12. Be3 {[%emt 0:00:10]} O-O-O {[%emt 0:01:25]} 13. Bxc5 {[%emt 0:01:41]} Qxd3 {[%emt 0:00:10]} 14. Qxd3 {[%emt 0:00:09]} Rxd3 {[%emt 0:00:04]} 15. Nd2 {[%emt 0:01:12]} b6 {[%emt 0:06:49]} 16. Be3 {[%emt 0:00:05]} Rhd8 {[%emt 0:00:04]} 17. Bf1 {[%emt 0:01:15]} R3d6 {[%emt 0:00:10]} 18. Ba6+ {[%emt 0:02:26]} Kd7 {[%emt 0:01:54]} 19. f3 {[%emt 0:02:07]} Nh7 {[%emt 0:13:57]} 20. Nc4 {[%emt 0:02:26]} Bxc4 $1 {[%emt 0:00:18]} 21. Bxc4 {[%emt 0:00:03]} Ng5 {[%emt 0:02:18]} 22. Ke2 {[%emt 0:03:49]} Ke7 {[%emt 0:04:08]} 23. a3 {[%emt 0:10:12]} Ne6 {[%emt 0:02:06]} 24. Bd5 {[%emt 0:03:25]} Nf4+ {[%emt 0:01:08]} 25. Bxf4 {[%emt 0:00:14]} exf4 {[%emt 0:00:04]} 26. Bxc6 {[%emt 0:00:07]} Rxc6 {[%emt 0:00:04]} 27. Rhd1 {[%emt 0:00:42]} Rcd6 {[%emt 0:01:07]} 28. Rxd6 {[%emt 0:00:19]} Rxd6 {[%emt 0:00:06]} 29. b4 {[%emt 0:01:58]} axb4 {[%emt 0:04:57]} 30. axb4 {[%emt 0:00:35]} b5 {[%emt 0:00:08]} 31. Ra8 {[%emt 0:04:33]} g5 {[%emt 0:02:37]} 32. Ra5 {[%emt 0:03:29]} c6 {[%emt 0:00:53]} 33. Ra7+ {[%emt 0:01:46]} Kf6 {[%emt 0:02:43]} 34. Ra8 {[%emt 0:10:35]} Ke7 {[%emt 0:00:58]} 35. Ra7+ {[%emt 0:01:39]} Ke6 {[%emt 0:01:36]} 36. Ra5 {[%emt 0:01:09]} Kd7 {[%emt 0:05:18]} 37. Ra1 {[%emt 0:01:18]} Ke7 {[%emt 0:00:38]} 38. h4 {[%emt 0:02:12]} Rd8 {[%emt 0:01:34]} 39. hxg5 {[%emt 0:03:50]} hxg5 {[%emt 0:00:07]} 40. Ra7+ {[%emt 0:00:15]} Ke6 {[%emt 0:03:41]} 41. Rc7 {[%emt 0:33:23]} Rd6 {[%emt 0:30:12]} 42. Rc8 {[%emt 0:00:00]} Ke7 {[%emt 0:00:00]} 43. Rg8 {[%emt 0:00:00]} f6 {[%emt 0:00:00]} 44. Rg7+ {[%emt 0:00:00]} Kf8 {[%emt 0:00:00]} 45. Rc7 {[%emt 0:00:00]} Ke8 {[%emt 0:00:00]} 46. Rb7 {[%emt 0:00:00]} Kd8 {[%emt 0:00:00]} 47. Ra7 {[%emt 0:00:00]} Ke8 {[%emt 0:00:00]} 48. Rh7 {[%emt 0:00:00]} Kf8 {[%emt 0:00:00]} 49. Rh8+ {[%emt 0:00:00]} Ke7 {[%emt 0:00:00]} 50. Rh7+ {[%emt 0:00:00]} Kf8 {[%emt 0:00:00]} 51. Rh1 {[%emt 0:00:00]} Rd7 {[%emt 0:00:00]} 52. Rh8+ {[%emt 0:00:00]} Kg7 {[%emt 0:00:00]} 53. Rc8 {[%emt 0:00:00]} Rd6 {[%emt 0:00:00]} 54. Rc7+ {[%emt 0:00:44]} Kg8 {[%emt 0:01:47]} 55. Ra7 {[%emt 0:04:51]} Rd8 {[%emt 0:00:32]} 56. Ra6 {[%emt 0:00:54]} Rc8 {[%emt 0:01:42]} 57. Kd3 {[%emt 0:00:18]} Rd8+ {[%emt 0:00:16]} 58. Kc2 {[%emt 0:00:15]} Rc8 {[%emt 0:00:35]} 59. Kb3 {[%emt 0:01:07]} Kf7 {[%emt 0:00:03]} 60. c4 {[%emt 0:00:43]} Rd8 {[%emt 0:00:32]} 61. Kc3 {[%emt 0:00:46]} bxc4 {[%emt 0:00:09]} 62. Kxc4 {[%emt 0:00:09]} Rd1 {[%emt 0:00:09]} 63. Ra3 {[%emt 0:03:35]} Ke6 {[%emt 0:00:01]} 64. Rc3 {[%emt 0:00:45]} Re1 {[%emt 0:00:08]} 65. Rd3 {[%emt 0:00:19]} Rc1+ {[%emt 0:00:37]} 66. Rc3 {[%emt 0:00:20]} Re1 {[%emt 0:00:46]} 67. Rd3 {[%emt 0:00:20]} Ke5 {[%emt 0:00:58]} 68. Rc3 $11 {[%emt 0:00:25]} Rd1 {[%emt 0:01:22]} 1/2-1/2

[Event "WTCC-50 2018"]
[Site "Radebeul"]
[Date "2018.07.09"]
[Round "3"]
[White "Wallner, Joachim"]
[Black "Shabalov, Alexander"]
[Result "0-1"]
[WhiteElo "2311"]
[BlackElo "2570"]
[Annotator "TA"]
[PlyCount "82"]
[EventDate "2018.07.07"]
[EventType "team-tourn"]
[EventCountry "GER"]
[SourceTitle "playchess.com"]
[Source "ChessBase"]
[SourceQuality "1"]

{[%evp 21,82,0,0,0,0,-19,6,-3,5,10,25,16,12,10,38,-6,-16,-5,3,-2,27,-76,-72,-68,-64,-99,-91,-90,-91,-96,-41,-93,-92,-77,-91,-109,-21,-78,-79,-76,-77,-89,-97,-63,-62,-114,-130,-141,-127,-128,-127,-135,-136,-215,-210,-208,-207,-248,-206,-333,-347,-393,-383]} 1. Nf3 d5 2. d4 Nf6 3. Bf4 e6 4. e3 c5 5. c3 Nc6 6. Nbd2 Bd6 7. Bg3 O-O 8. Bd3 b6 9. Qe2 {D02: 1 d4 d5 2 Nf3 sidelines, including 2...Nf6 3 g3 and 2...Nf6 3 Bf4} Bb7 10. Rd1 Rc8 $146 ({Predecessor:} 10... Re8 11. e4 Be7 12. e5 Nh5 13. a3 g6 14. Qe3 {1-0 (31) Esipenko,A (2571)-Matlakov,M (2709) Moscow 2018}) 11. e4 Be7 {LiveBook: 3 Games} 12. e5 Nh5 13. a3 g6 (13... Rc7 {is more complex.} 14. dxc5 bxc5 15. Ng5 Bxg5 16. Qxh5 g6) 14. O-O Re8 15. Qe3 a6 16. Rfe1 cxd4 17. cxd4 Na5 18. Qe2 (18. Bf4 $5) 18... b5 19. Nf1 Nc4 20. Ne3 a5 21. Nxc4 (21. h3 $11) 21... dxc4 22. Be4 Bd5 23. Qe3 b4 24. axb4 axb4 25. Rc1 b3 (25... Bxe4 $17 26. Qxe4 Qd5) 26. Bf4 (26. Red1 $15) 26... Nxf4 27. Qxf4 Bxe4 28. Rxe4 {[#]} Qd5 (28... c3 $1 $17 {[%mdl 512]} 29. Rxc3 (29. bxc3 Qa5) 29... Rxc3 30. bxc3 Qa5) 29. h4 {[#]} (29. Re3 $11 {keeps the balance.}) 29... c3 $1 {[%mdl 512]} 30. bxc3 b2 31. Rb1 Qa2 32. Ree1 Rxc3 {And now ...Rec8 would win.} 33. Qd2 ({White should play} 33. d5 $15) 33... Rb3 $36 {[%mdl 2048] Keeping White busy.} 34. Qh6 Bf8 35. Qf4 Rb4 36. Ng5 {[#]} Qa7 $1 37. Ne4 {[#]} (37. Qd2 $17) 37... Rd8 $1 $19 ({Worse is} 37... Rxd4 38. Rxb2 Red8 39. Reb1 $11) 38. h5 Rdxd4 39. hxg6 fxg6 {White must now prevent ...Rxe4!} 40. Nf6+ (40. Qf3 $142) 40... Kh8 41. Qe3 Bc5 {Precision: White = 38%, Black = 46%.} 0-1

[Event "WTCC-50 2018"]
[Site "Radebeul"]
[Date "2018.07.09"]
[Round "3"]
[White "Titscher, Libor"]
[Black "Schulz, Klaus-Juergen"]
[Result "1/2-1/2"]
[WhiteElo "2306"]
[BlackElo "2324"]
[Annotator "NA"]
[PlyCount "104"]
[EventDate "2018.07.07"]
[EventType "team-tourn"]
[EventCountry "GER"]
[SourceTitle "playchess.com"]
[Source "ChessBase"]
[SourceQuality "1"]
[TimeControl "40/5400+30:1800+30"]

1. c4 {[%emt 0:00:00]} c5 {[%emt 0:00:00]} 2. Nc3 {[%emt 0:00:00]} Nc6 {[%emt 0:00:00]} 3. g3 {[%emt 0:00:00]} g6 {[%emt 0:00:50]} 4. Bg2 {[%emt 0:00:03]} Bg7 {[%emt 0:00:06]} 5. Nf3 {[%emt 0:03:38]} d6 {[%emt 0:00:13]} 6. O-O {[%emt 0:00:50]} Bf5 {[%emt 0:00:35]} 7. h3 {[%emt 0:01:10] A37: Symmetrical English vs ...g6: 4 Bg2 Bg7 5 Nf3} Qc8 {[%emt 0:19:36]} 8. Kh2 {[%emt 0:02:11]} h6 $146 {[%emt 0:13:02]} ({Predecessor:} 8... Nf6 9. d3 O-O 10. e4 Bd7 11. Be3 a6 12. Rc1 Rb8 13. Nd5 Qd8 14. b3 e6 {0-1 (31) Svidler,P (2765)-Dubov,D (2683) St Petersburg 2017}) 9. d3 {[%emt 0:06:17]} Nf6 {[%emt 0:06:37]} 10. e4 {[%emt 0:02:46]} Bd7 {[%emt 0:02:02]} 11. Ne1 {[%emt 0:14:59]} Nd4 {[%emt 0:09:04]} 12. f4 {[%emt 0:04:24]} Bc6 {[%emt 0:05:59]} 13. Nf3 {[%emt 0:09:22]} Nd7 {[%emt 0:00:29]} 14. Be3 {[%emt 0:04:21]} a6 {[%emt 0:06:37]} 15. Qd2 {[%emt 0:03:32]} b5 {[%emt 0:04:16]} 16. Rae1 {[%emt 0:07:58]} Qb7 {[%emt 0:01:33]} 17. b3 {[%emt 0:07:36]} b4 {[%emt 0:06:12]} 18. Ne2 {[%emt 0:12:06]} e5 {[%emt 0:02:13]} 19. Nh4 {[%emt 0:06:22]} a5 {[%emt 0:01:04]} 20. f5 {[%emt 0:00:33]} g5 {[%emt 0:01:31]} 21. f6 {[%emt 0:00:45]} Bxf6 {[%emt 0:05:38]} 22. Nf5 {[%emt 0:00:06]} Nxf5 {[%emt 0:00:33]} 23. Rxf5 {[%emt 0:00:10]} Be7 {[%emt 0:02:04]} 24. Ref1 {[%emt 0:00:46]} f6 {[%emt 0:00:50]} 25. h4 {[%emt 0:02:27]} O-O-O {[%emt 0:03:17]} 26. a4 {[%emt 0:01:15]} Nf8 {[%emt 0:04:58]} 27. h5 {[%emt 0:03:46]} Bd7 {[%emt 0:00:06]} 28. g4 {[%emt 0:00:34]} Ne6 {[%emt 0:00:10]} 29. Ng3 {[%emt 0:00:33]} Nf4 {[%emt 0:00:06]} 30. Bf3 {[%emt 0:00:24]} Be6 {[%emt 0:00:34]} 31. Qc2 {[%emt 0:01:21]} Kc7 {[%emt 0:00:10]} 32. Rd1 {[%emt 0:00:36]} Kb8 {[%emt 0:00:17]} 33. Bf2 {[%emt 0:02:20]} Qc8 {[%emt 0:00:09]} 34. Be3 {[%emt 0:00:31]} Bd7 {[%emt 0:00:17]} 35. Qd2 {[%emt 0:01:08]} Ne6 {[%emt 0:00:21]} 36. Rc1 {[%emt 0:00:24]} Ng7 {[%emt 0:00:08]} 37. Be2 {[%emt 0:00:49]} Rdg8 {[%emt 0:00:30]} 38. Rcf1 {[%emt 0:00:37]} Kc7 {[%emt 0:01:32]} 39. Qd1 {[%emt 0:00:29]} Ne6 {[%emt 0:02:10]} 40. Qd2 {[%emt 0:01:18]} Nd4 {[%emt 0:01:25]} 41. Bd1 {[%emt 0:04:23]} (41. Bxd4 $17 cxd4 42. R5f2) 41... Nxf5 {[%emt 0:03:26]} 42. Nxf5 {[%emt 0:01:16]} Bf8 {[%emt 0:02:51]} 43. Qg2 {[%emt 0:01:17]} Rh7 {[%emt 0:01:20]} 44. Qc2 {[%emt 0:02:34]} Rf7 {[%emt 0:00:09]} 45. Qg2 {[%emt 0:00:19]} Rh8 {[%emt 0:00:05]} 46. Qc2 {[%emt 0:00:47]} Rhh7 {[%emt 0:00:06]} 47. Qa2 {[%emt 0:05:25]} Be6 {[%emt 0:00:12]} 48. Kg3 {[%emt 0:05:51]} Kb8 {[%emt 0:00:18]} 49. Qc2 {[%emt 0:00:57]} Rb7 {[%emt 0:00:16]} 50. Qa2 {[%emt 0:00:31]} Qe8 {[%emt 0:00:55]} 51. Bf3 {[%emt 0:01:08]} Bxf5 {[%emt 0:08:20]} 52. exf5 $17 {[%emt 0:01:15]} Rbc7 1/2-1/2

[Event "WTCC-50 2018"]
[Site "Radebeul"]
[Date "2018.07.09"]
[Round "3"]
[White "Fritsche, Lutz"]
[Black "Schweitzer, Andreas"]
[Result "1/2-1/2"]
[WhiteElo "2303"]
[BlackElo "2239"]
[Annotator "NA"]
[PlyCount "117"]
[EventDate "2018.07.07"]
[EventType "team-tourn"]
[EventCountry "GER"]
[SourceTitle "playchess.com"]
[Source "ChessBase"]
[SourceQuality "1"]
[TimeControl "40/5400+30:1800+30"]

1. e4 {[%emt 0:00:00]} c5 {[%emt 0:00:00]} 2. Nc3 {[%emt 0:00:24]} Nc6 {[%emt 0:00:00]} 3. f4 {[%emt 0:04:02]} g6 {[%emt 0:02:00]} 4. Nf3 {[%emt 0:01:03]} Bg7 {[%emt 0:00:17]} 5. Bc4 {[%emt 0:07:33]} e6 {[%emt 0:00:52]} 6. O-O {[%emt 0:00:10]} Nge7 {[%emt 0:00:37]} 7. d3 {[%emt 0:00:27]} d5 {[%emt 0:03:40]} 8. Bb3 {[%emt 0:01:59]} O-O {[%emt 0:02:37]} 9. Qe1 {[%emt 0:00:41] LiveBook: 133 Games} Nd4 {[%emt 0:06:08]} 10. Nxd4 {[%emt 0:05:51]} cxd4 {[%emt 0:02:13]} 11. Ne2 {[%emt 0:01:28]} b5 {[%emt 0:15:54] B23: Closed Sicilian: Lines without g3} (11... dxe4 12. dxe4 b6 13. Bc4 Bb7 14. Bd3 f5 15. Ng3 Qd7 16. Bd2 Kh8 17. Qe2 Rac8 18. h3 Rfe8 19. e5 Rcd8 20. Qf2 Nc6 {½-½ (84) Saric,I (2441)-Leskur,D (2476) Sibenik 2005}) 12. Qf2 {[%emt 0:16:54]} dxe4 {[%emt 0:09:35]} 13. dxe4 {[%emt 0:01:17]} Qb6 {[%emt 0:08:33]} 14. Bd2 $146 {[%emt 0:12:04]} ({Predecessor:} 14. e5 Rd8 15. Rd1 Nc6 16. c3 dxc3 17. Be3 Qb7 18. Nxc3 Bd7 19. Ne4 Ne7 20. Nc5 Qc7 {½-½ (32) Cordeiro,M (2203)-Quintiliano Pinto,R (2260) Curitiba 2013}) 14... Bb7 {[%emt 0:21:07]} 15. Ng3 {[%emt 0:01:29]} Bh6 {[%emt 0:09:18]} 16. Rad1 {[%emt 0:00:46]} b4 {[%emt 0:02:09]} 17. c3 {[%emt 0:14:28]} bxc3 {[%emt 0:01:04]} 18. bxc3 {[%emt 0:00:47]} dxc3 {[%emt 0:00:07]} 19. Bxc3 {[%emt 0:06:00]} Qxf2+ {[%emt 0:00:33]} 20. Rxf2 {[%emt 0:01:27]} Rfd8 {[%emt 0:00:30]} 21. Rfd2 {[%emt 0:06:22]} Rxd2 {[%emt 0:00:11]} 22. Rxd2 {[%emt 0:02:41]} Bc6 {[%emt 0:02:51]} 23. Be5 {[%emt 0:04:38]} Bg7 {[%emt 0:04:07]} 24. Bxg7 {[%emt 0:01:16]} Kxg7 {[%emt 0:00:02]} 25. Kf2 {[%emt 0:00:11]} Kf8 {[%emt 0:01:40]} 26. Ke3 {[%emt 0:00:18]} Ke8 {[%emt 0:00:38]} 27. Ne2 {[%emt 0:00:22]} Rc8 {[%emt 0:00:35]} 28. Nd4 {[%emt 0:00:15]} Bd7 {[%emt 0:00:26]} 29. h4 {[%emt 0:02:30]} h5 {[%emt 0:00:07]} 30. Nf3 {[%emt 0:02:41]} Bb5 {[%emt 0:01:45]} 31. Ne5 {[%emt 0:01:05]} Rc1 {[%emt 0:01:13]} 32. Rc2 {[%emt 0:02:19]} Rxc2 {[%emt 0:00:22]} 33. Bxc2 {[%emt 0:00:01]} Nc6 {[%emt 0:01:25]} 34. Nxc6 {[%emt 0:00:32]} Bxc6 {[%emt 0:00:01]} 35. Kd4 {[%emt 0:00:14]} Kd7 {[%emt 0:01:01]} 36. Kc5 {[%emt 0:01:01]} Kc7 {[%emt 0:02:18]} 37. g3 {[%emt 0:00:56]} Bd7 {[%emt 0:01:59]} 38. Bd3 {[%emt 0:00:34]} Bc6 {[%emt 0:00:08]} 39. f5 {[%emt 0:00:59]} e5 {[%emt 0:00:48]} 40. f6 {[%emt 0:01:12]} Bb7 {[%emt 0:00:34]} 41. Bb5 {[%emt 0:30:48]} Bxe4 {[%emt 0:09:20]} 42. Be8 {[%emt 0:00:00]} Bf5 {[%emt 0:03:14]} 43. Bxf7 {[%emt 0:00:00]} Kd7 {[%emt 0:02:30]} 44. a4 {[%emt 0:00:00]} e4 {[%emt 0:03:03]} 45. Bc4 {[%emt 0:00:00]} e3 {[%emt 0:02:18]} 46. Kd4 {[%emt 0:00:00]} e2 {[%emt 0:00:22]} 47. Bxe2 {[%emt 0:00:00]} Ke6 {[%emt 0:00:05]} 48. a5 {[%emt 0:00:00]} Kxf6 {[%emt 0:01:02]} 49. Kd5 {[%emt 0:00:00]} Ke7 {[%emt 0:07:21]} 50. Bf3 {[%emt 0:00:00]} Bd7 {[%emt 0:01:11]} 51. Ke5 {[%emt 0:00:00]} Bb5 {[%emt 0:00:46]} 52. Be4 {[%emt 0:00:00]} Be8 {[%emt 0:00:53]} 53. Bd3 {[%emt 0:00:00]} Bf7 {[%emt 0:00:15]} 54. Bb5 $2 {[%emt 0:00:00]} (54. Bc2 Be8 55. Kd5) 54... Bb3 {[%emt 0:00:35]} 55. Bc6 {[%emt 0:00:00]} Bf7 {[%emt 0:00:34]} 56. Bd5 {[%emt 0:03:58]} Be8 {[%emt 0:00:05]} 57. Be6 {[%emt 0:00:27]} Bc6 {[%emt 0:00:20]} 58. g4 {[%emt 0:00:28]} hxg4 {[%emt 0:00:24]} 59. Bxg4 $11 1/2-1/2

[Event "WTCC-50 2018"]
[Site "Radebeul"]
[Date "2018.07.09"]
[Round "3"]
[White "Druckenthaner, Andreas"]
[Black "Yermolinsky, Alex"]
[Result "1/2-1/2"]
[WhiteElo "2296"]
[BlackElo "2505"]
[Annotator "TA"]
[PlyCount "26"]
[EventDate "2018.07.07"]
[EventType "team-tourn"]
[EventCountry "GER"]
[SourceTitle "playchess.com"]
[Source "ChessBase"]
[SourceQuality "1"]

{[%evp 12,26,11,0,40,34,41,49,39,0,0,0,50,0,0,0,47]} 1. e4 c5 2. Nf3 d6 3. Nc3 Nf6 4. e5 dxe5 5. Nxe5 Nbd7 6. Nc4 Nb6 {B50: Sicilian: 2...d6, Miscellaneous} (6... e6 7. Be2 Be7 8. O-O O-O 9. d3 Nb6 10. Bf3 Nbd5 11. Bd2 b6 12. Nxd5 Nxd5 13. Ne5 Bb7 14. c4 Qc7 15. cxd5 Qxe5 16. Bc3 Qd6 17. dxe6 Bxf3 18. Qxf3 fxe6 19. Qe4 Rad8 20. Rae1 Bf6 21. Re3 {½-½ (21) Zvjaginsev,V (2673)-Oparin,G (2626) Moscow 2016}) 7. Nxb6 {LiveBook: 8 Games} axb6 $146 ({Predecessor:} 7... Qxb6 8. Bb5+ Bd7 9. Bxd7+ Nxd7 10. O-O e6 11. Qg4 h5 12. Qe2 O-O-O 13. d3 Qc6 14. Qe4 Qxe4 15. Nxe4 {1-0 (50) Ozer,O (2374)-Gokerkan,C (2390) Izmir 2016}) 8. Qf3 g6 {White is slightly better.} 9. Bb5+ Nd7 10. Bc4 {[%csl Gf3][%cal Rc4f7] [#]} Ne5 11. Bb5+ Nd7 12. Bc4 {[%csl Gf3][%cal Rc4f7]} Ne5 13. Bb5+ Nd7 1/2-1/2

[Event "WTCC-50 2018"]
[Site "Radebeul"]
[Date "2018.07.09"]
[Round "3"]
[White "Kryukova, Irina"]
[Black "Crichton, Martin"]
[Result "1/2-1/2"]
[WhiteElo "2249"]
[BlackElo "1925"]
[Annotator "NA"]
[PlyCount "40"]
[EventDate "2018.07.07"]
[EventType "team-tourn"]
[EventCountry "GER"]
[SourceTitle "playchess.com"]
[Source "ChessBase"]
[SourceQuality "1"]
[TimeControl "40/5400+30:1800+30"]

1. e4 {[%emt 0:00:00]} c6 {[%emt 0:00:00]} 2. d4 {[%emt 0:00:00]} d5 {[%emt 0:00:00]} 3. Nc3 {[%emt 0:00:14]} dxe4 {[%emt 0:00:19]} 4. Nxe4 {[%emt 0:00:07]} Bf5 {[%emt 0:00:14]} 5. Ng3 {[%emt 0:01:15]} Bg6 {[%emt 0:00:33]} 6. Nh3 {[%emt 0:00:32]} Nf6 {[%emt 0:01:30]} 7. Nf4 {[%emt 0:00:52]} e5 {[%emt 0:02:11]} 8. Nxg6 {[%emt 0:03:21]} hxg6 {[%emt 0:00:30]} 9. dxe5 {[%emt 0:00:33] LiveBook: 125 Games} Qxd1+ {[%emt 0:04:22] B18: Classical Caro-Kann: 4...Bf5 sidelines} (9... Qa5+ 10. Bd2 Qxe5+ 11. Qe2 Nbd7 12. Qxe5+ Nxe5 13. f4 Ned7 14. O-O-O Bc5 15. Re1+ Kf8 16. Bd3 Re8 17. Rxe8+ Kxe8 18. h3 Bf2 19. Ne4 Nxe4 20. Bxe4 {½-½ (33) Mista,A (2588)-Miton,K (2612) Germany 2017}) 10. Kxd1 {[%emt 0:00:08]} Ng4 {[%emt 0:00:07]} 11. Ne4 {[%emt 0:01:07]} Nxe5 {[%emt 0:00:33]} 12. Bf4 {[%emt 0:11:14]} Nbd7 {[%emt 0:06:05]} 13. c3 {[%emt 0:12:44]} Nf6 {[%emt 0:28:24]} 14. Nxf6+ {[%emt 0:17:34]} gxf6 {[%emt 0:00:25]} 15. Kc2 {[%emt 0:01:09]} O-O-O {[%emt 0:00:34]} 16. Be2 {[%emt 0:01:25]} Bh6 $146 {[%emt 0:01:21]} ({Predecessor:} 16... Bc5 17. Bg3 Rhe8 18. Rhe1 f5 19. Bh4 Be7 20. Bg3 Bc5 21. Bh4 Be7 22. Bg3 Bc5 {½-½ (22) Marek,M (2326)-Szotkowski,J (2270) Kouty nad Desnou 2015}) 17. Bxh6 {[%emt 0:01:59]} Rxh6 {[%emt 0:00:07]} 18. f4 {[%emt 0:01:48]} Nd7 {[%emt 0:00:51]} 19. Bc4 $11 {[%emt 0:02:32]} Rh7 {[%emt 0:00:46]} 20. Rae1 {[%emt 0:07:34]} Nb6 {[%emt 0:01:32]} 1/2-1/2

[Event "WTCC-50 2018"]
[Site "Radebeul"]
[Date "2018.07.09"]
[Round "3"]
[White "Plotkin, Victor"]
[Black "Boensch, Uwe"]
[Result "1/2-1/2"]
[WhiteElo "2248"]
[BlackElo "2559"]
[Annotator "TA"]
[PlyCount "97"]
[EventDate "2018.07.07"]
[EventType "team-tourn"]
[EventCountry "GER"]
[SourceTitle "playchess.com"]
[Source "ChessBase"]
[SourceQuality "1"]

{[%evp 29,97,0,23,14,11,12,0,0,0,0,0,0,0,-54,-52,-78,-71,-75,-76,-83,-84,-88,-77,-75,-74,-72,-58,-132,-125,-154,-141,-215,-195,-200,-214,-213,-202,-192,-204,-227,-227,-210,-197,-219,-200,-236,-220,-241,-225,-208,-197,-191,-208,-201,-107,-119,-105,-133,-126,-131,-146,-122,0,0,0,-51,0,0,0,0]} 1. e4 c5 2. c3 d5 3. exd5 Qxd5 4. d4 Nf6 5. Nf3 Bg4 6. Be2 e6 7. Be3 cxd4 8. cxd4 Nc6 9. Nc3 Qd6 10. O-O Be7 11. h3 Bh5 12. Qb3 Qb4 13. Qxb4 Bxb4 14. g4 Bg6 15. Ne5 {B22: Sicilian: 2 c3} O-O {[%cal Bh8f8,Bf8d8,Bd8d7][%mdl 32] LiveBook: 6 Games} 16. Nxg6 (16. Nxc6 bxc6 17. Rac1 Nd5 18. Nxd5 cxd5 19. a3 Bd6 20. Rc6 Rfd8 21. Ra6 Rab8 22. Rc1 Kf8 {1-0 (39) Sveshnikov,E (2504)-Arakelov,I (2399) Moscow 2007}) 16... hxg6 17. a3 Ba5 $146 ({Predecessor:} 17... Be7 18. g5 Nd5 19. Nxd5 exd5 20. Rac1 Bd6 21. Rc3 Ne7 22. Rb3 Rab8 23. Rc1 Rfc8 24. Rxc8+ Nxc8 25. h4 f5 26. gxf6 {½-½ (26) Orosz,A (2260)-Toth,J (2157) Hungary 2002}) 18. Bf3 Rfd8 19. Rfd1 Bxc3 20. bxc3 Na5 21. Bg5 (21. c4 $11) 21... Rac8 22. Rd3 Rd7 23. Bxf6 gxf6 24. a4 Rdc7 25. Ra3 Rd8 26. Be2 Rd6 27. Kg2 Rb6 28. f4 (28. Ra2 $15) 28... Rb2 $17 29. Kf3 Nb3 30. Re3 {[#]} (30. Ke3 $17 {was called for.}) 30... Nd2+ $1 $19 31. Kg3 Nb1 32. Ra1 Nxc3 33. Bf3 Rb4 34. f5 exf5 35. gxf5 Rxd4 36. fxg6 fxg6 37. a5 f5 {Hoping for ...f4+.} 38. Re5 Kf7 39. Rae1 Rd6 40. h4 Kf6 41. Re8 b5 (41... Rd3 $19 {Threatens to win with ...Ne4+.} 42. R8e6+ Kf7) 42. axb6 $17 axb6 43. Rf8+ {[#]} Rf7 $1 {[%cal Rf7f8]} 44. Rc8 Nb5 45. h5 g5 (45... Ra7 $17 {And now ...Ra3 would win.} 46. Rf8+ Kg7) 46. Rg8 $11 {[%csl Gh5][%cal Rg8g6]} Rg7 47. Rf8+ Rf7 48. Rg8 {[%csl Gh5][%cal Rg8g6]} Rg7 49. Rf8+ {Precision: White = 53%, Black = 62%.} 1/2-1/2

[Event "WTCC-50 2018"]
[Site "Radebeul"]
[Date "2018.07.09"]
[Round "3"]
[White "Wong, Meng Kong"]
[Black "Schmidt, Reiner"]
[Result "1-0"]
[WhiteElo "2248"]
[BlackElo "2185"]
[Annotator "NA"]
[PlyCount "78"]
[EventDate "2018.07.07"]
[EventType "team-tourn"]
[EventCountry "GER"]
[SourceTitle "playchess.com"]
[Source "ChessBase"]
[SourceQuality "1"]
[TimeControl "40/5400+30:1800+30"]

1. e4 {[%emt 0:00:00]} e6 {[%emt 0:00:00]} 2. b3 {[%emt 0:00:00]} b6 {[%emt 0:00:00]} 3. Bb2 {[%emt 0:00:13]} Bb7 {[%emt 0:00:04]} 4. Qe2 {[%emt 0:00:46]} Nf6 {[%emt 0:01:40]} 5. d3 {[%emt 0:01:57]} Bb4+ {[%emt 0:04:44]} 6. Nd2 {[%emt 0:03:24]} d5 {[%emt 0:03:16]} 7. c3 {[%emt 0:03:14]} Be7 {[%emt 0:01:27]} 8. e5 {[%emt 0:02:25]} Nfd7 {[%emt 0:00:31]} 9. f4 {[%emt 0:02:04]} c5 {[%emt 0:01:51]} 10. Ngf3 {[%emt 0:03:41]} Nc6 {[%emt 0:01:01]} 11. h4 {[%emt 0:02:13]} Nf8 {[%emt 0:11:28]} 12. a3 {[%emt 0:04:13]} a5 {[%emt 0:06:27]} 13. h5 {[%emt 0:01:37]} f5 {[%emt 0:04:47]} 14. a4 {[%emt 0:05:04]} Ba6 {[%emt 0:09:28]} 15. Qf2 {[%emt 0:07:03]} Nd7 {[%emt 0:03:43]} 16. Be2 {[%emt 0:05:57]} b5 {[%emt 0:02:17]} 17. axb5 {[%emt 0:00:22]} Bxb5 {[%emt 0:00:04]} 18. c4 {[%emt 0:00:17]} Ba6 {[%emt 0:00:24]} 19. cxd5 {[%emt 0:08:58]} exd5 {[%emt 0:01:17]} 20. Ba3 {[%emt 0:01:38]} Qb6 $11 {[%emt 0:06:03]} 21. d4 {[%emt 0:07:59]} Bxe2 {[%emt 0:05:01]} 22. Qxe2 {[%emt 0:00:34]} O-O {[%emt 0:10:28]} 23. O-O {[%emt 0:05:49]} Nd8 {[%emt 0:08:47]} 24. Qf2 {[%emt 0:04:13]} Ne6 {[%emt 0:01:39]} 25. dxc5 {[%emt 0:00:12]} Bxc5 {[%emt 0:02:19]} 26. Bxc5 {[%emt 0:00:06]} Qxc5 {[%emt 0:00:29]} 27. g3 {[%emt 0:02:40]} Rfb8 {[%emt 0:04:08]} 28. Nh4 {[%emt 0:06:02]} Qxf2+ {[%emt 0:02:49]} 29. Rxf2 {[%emt 0:04:03]} Nd4 {[%emt 0:00:32]} 30. Ra4 {[%emt 0:01:10]} Nxb3 {[%emt 0:01:13]} 31. Nxf5 {[%emt 0:00:29]} Ndc5 {[%emt 0:01:03]} 32. Ra3 {[%emt 0:00:22]} Ra7 {[%emt 0:02:10]} 33. Nxb3 {[%emt 0:00:58]} Nxb3 {[%emt 0:03:05]} 34. Rc2 {[%emt 0:02:04]} d4 {[%emt 0:00:30]} 35. e6 {[%emt 0:03:17]} h6 {[%emt 0:01:01]} 36. Rb2 {[%emt 0:01:10]} Rab7 {[%emt 0:00:18]} 37. e7 {[%emt 0:01:59]} a4 {[%emt 0:01:46]} 38. Rxa4 {[%emt 0:01:17]} Nc5 {[%emt 0:00:00]} 39. Rxb7 {[%emt 0:00:00]} Nxb7 1-0